| 000 | 01172nam a22002777i 4500 | ||
|---|---|---|---|
| 003 | URS | ||
| 005 | 20230817132759.0 | ||
| 008 | 160321b xxu||||| |||| 00| 0 eng d | ||
| 040 |
_aURS _beng _cURS |
||
| 050 | 1 | 4 |
_aBF121 _b.G2862 1999 |
| 245 |
_aGeneral psychology textbook and manual / _cedited by Lota A. Teh, Ma. Elizabeth J. Macapagal. |
||
| 264 | 1 |
_a[Quezon City] : _bAteneo de Manila University ; |
|
| 264 | 1 |
_a[Quezon City] : _bCommisioner on Higher Education ; |
|
| 264 | 1 |
_aMetro Manila : _bPhilippine Social Science Council, _c©1999. |
|
| 300 |
_axxiv, 588 pages : _billustrations ; _c25 cm. |
||
| 336 |
_2rdacontent _atext |
||
| 336 |
_2rdacontent _astill image |
||
| 337 |
_2rdamedia _aunmediated |
||
| 338 |
_2rdacarrier _avolume |
||
| 504 | _aIncludes bibliographical references. | ||
| 524 | _aTeh, L. A., Macapagal, M. E. J. (1999). General psychology: textbook and manual. [Quezon City]: Ateneo de Manila University ; [Quezon City]: Commisioner on Higher Education ; [Metro Manila]: Philippine Social Science Council. | ||
| 650 | 0 | _aPsychology | |
| 700 | 1 |
_aTeh, Lota A. _eeditor |
|
| 700 | 1 |
_aMacapagal, Ma. Elizabeth J. _eeditor |
|
| 942 |
_cF _2lcc |
||
| 999 |
_c72387 _d72386 |
||